Applied principles of hydrology /

This book contains: The Water cycle; The Structure and Properties of Water; Water in the Air: Evaporation and Condensation; Precipitation; Infiltration and Soil Water; Evapotranspiration; Groundwater; Runoff; Chemical Quality of Natural Water; and The Water Cycle and Man.

সংরক্ষণ করুন:
গ্রন্থ-পঞ্জীর বিবরন
প্রধান লেখক: Manning, John C. 1920-
বিন্যাস: গ্রন্থ
ভাষা:English
প্রকাশিত: Upper Saddle River, N.J. : Prentice Hall, 1997.
সংস্করন:3rd ed.
বিষয়গুলি:
ট্যাগগুলো: ট্যাগ যুক্ত করুন
কোনো ট্যাগ নেই, প্রথমজন হিসাবে ট্যাগ করুন!
Thư viện lưu trữ: Mạng thư viện Đại học Đà Nẵng
LEADER 01156cam a2200337 i 4500
001 000048034
003 7732
005 20030320140758.0
008 010324|1997 vm 000 eng
020 |a 0135655323 
040 |a IRC  |c IRC  |d IRC 
041 0 |a eng 
082 1 4 |a 551.48024628  |b MA-J 
100 1 |a Manning, John C.  |q (John Craige),  |d 1920- 
245 0 0 |a Applied principles of hydrology /  |c John C. Manning ; illustrated by Natalie J. Weiskal. 
250 |a 3rd ed. 
260 |a Upper Saddle River, N.J. :  |b Prentice Hall,  |c 1997. 
300 |a 276 p. ;  |c 23.5cm. 
520 3 |a This book contains: The Water cycle; The Structure and Properties of Water; Water in the Air: Evaporation and Condensation; Precipitation; Infiltration and Soil Water; Evapotranspiration; Groundwater; Runoff; Chemical Quality of Natural Water; and The Water Cycle and Man. 
630 0 4 |a Hydrology. 
650 0 4 |a Hydrology. 
OWN |a DUT 
999 |a From the UDN01 
TYP |a Monograph 
TYP |a Printed language 
980 |a Mạng thư viện Đại học Đà Nẵng